Un joven que promete cumple 70 años : Osvaldo Salas : marzo, 1984 /
Folleto de la exposición que, con el mismo título, tuvo lugar durante el mes de marzo de 1984 en la Galería de Arte Servando Cabrera Moreno, en La Habana, Cuba.
Salvato in:
| Ente Autore: | |
|---|---|
| Altri autori: | , |
| Natura: | Libro |
| Lingua: | spagnolo |
| Pubblicazione: |
La Habana, Cuba :
Ministerio de Cultura,
1984
|
| Soggetti: | |
| Tags: |
Nessun Tag, puoi essere il primo ad aggiungerne!!
|
MARC
| LEADER | 00000nam^a2200000^a^4500 | ||
|---|---|---|---|
| 001 | 000561351 | ||
| 005 | 20250526000000.0 | ||
| 009 | 20260310131922.399 | ||
| 037 | |a Acervo ITESO - Biblioteca | ||
| 041 | |a ESP | ||
| 082 | |a 770. 97291 |b GAL SAL | ||
| 110 | |a Galería de Arte Servando Cabrera Moreno | ||
| 245 | 1 | 3 | |a Un joven que promete cumple 70 años : |b Osvaldo Salas : marzo, 1984 / |c Galería de Arte Servando Cabrera Moreno ; Fotógrafo O. Salas ; texto de A. García de la Cerda. |
| 264 | 1 | |a La Habana, Cuba : |b Ministerio de Cultura, |c 1984 | |
| 300 | |a [5 p.] ; |c 27.0 cm. | ||
| 336 | |a texto |b txt |2 rdacontenido | ||
| 337 | |a sin mediación |b n |2 rdamedio | ||
| 338 | |a volumen |b nc |2 rdasoporte | ||
| 520 | |a Folleto de la exposición que, con el mismo título, tuvo lugar durante el mes de marzo de 1984 en la Galería de Arte Servando Cabrera Moreno, en La Habana, Cuba. | ||
| 649 | |a XX | ||
| 650 | |a Fotógrafos Cubanos - |x Exposiciones | ||
| 650 | |a Artistas Cubanos - |x Exposiciones | ||
| 650 | |a Galería de Arte Servando Cabrera Moreno - |x Exposiciones - |x Tema Principal | ||
| 650 | |a Museos y Galerías - |z La Habana, Cuba - |x Exposiciones | ||
| 650 | |a Fotografía en Blanco y Negro - |z Cuba | ||
| 650 | |a Fotografía Cubana - |y Siglo XX | ||
| 650 | |a Arte Cubano - |y Siglo XX | ||
| 650 | |a Salas, Osvaldo - |x Tema Principal | ||
| 700 | |a Salas, Osvaldo |e (fotógrafo) | ||
| 700 | |a García de la Cerda, Alicia |e (texto) | ||
| 910 | |a Fondo Pedro Valtierra | ||
| 920 | |a Impresos - Libros | ||
| 930 | |a Libros Antiguos y Raros | ||
| 905 | |a 129 | ||
| 901 | |a 0500369260 |b IT2 |c LRA |i D |u 20250526 | ||
| 902 | |a https://opac.biblio.iteso.mx/vufind/Record/000561351 | ||